| 000 | 00680nam a2200265Ia 4500 | ||
|---|---|---|---|
| 003 | OSt | ||
| 005 | 20221007100847.0 | ||
| 006 | a|||||r|||| 00| 0 | ||
| 007 | ta | ||
| 008 | 221006b |||||||| |||| 00| 0 eng d | ||
| 024 | _a5,315 | ||
| 037 | _cTextual | ||
| 040 |
_aLCO _cLCO _beng |
||
| 041 |
_2eng _aeng |
||
| 082 | _aV2:2:(Z):g, K8.4 | ||
| 100 | _aBASU D D | ||
| 245 | 0 | _aCommentary on the constitution of India | |
| 250 | _a5 | ||
| 260 |
_aCalcutta _bS.C.Sarkar _c1968 |
||
| 300 | _a735 | ||
| 490 | _vVol - 4 | ||
| 650 |
_aCOMMENTARY _9702204 |
||
| 942 |
_hV2:2:(Z):g, K8.4 _cTEXL |
||
| 999 |
_c1174878 _d1174878 |
||